000 00249nam a22000857a 4500
008 140211t xxu||||| |||| 00| 0 eng d
245 _aBlackstone's International Human Rights Documents
_bedited by P.R. Ghandhi.
300 _avii, 415 p. ;
942 _2ddc
_cBK
999 _c16976
_d16976